Pasado y presente de las organizaciones internacionales OACI, OMPI, OMS y OEA /

Guardado en:
Otros Autores: Negro, Sandra C., (coord.), Mastaglia, Gabriela T., Ripol Carulla, Santiago., Seuba Hernández, Xavier., Vidaurreta, Guillermo E.
Formato: Libro
Idioma:Spanish
Publicado: Buenos Aires : La Ley; Departamento de publicaciones UBA, 2011.
Edición:1a. ed.
Series:Colección CEIDIE - Centro de Estudios Interdisciplinarios de Derecho Industrial y Económico
Materias:
Etiquetas: Agregar Etiqueta
Sin Etiquetas, Sea el primero en etiquetar este registro!
LEADER 00945nam a22002655a 4500
001 DER.der011653
008 180615s2011####|||||||||||||||||#||spa||
005 20231227130238.0
245 1 0 |a Pasado y presente de las organizaciones internacionales OACI, OMPI, OMS y OEA /  |c Sandra C. Negro. 
250 |a 1a. ed. 
260 |a Buenos Aires :  |b La Ley; Departamento de publicaciones UBA,  |c 2011. 
300 |a 239 p. 
020 |a 9789870320982 
700 1 |a Negro, Sandra C.,  |e coord. 
700 1 |a Mastaglia, Gabriela T. 
700 1 |a Ripol Carulla, Santiago. 
700 1 |a Seuba Hernández, Xavier. 
700 1 |a Vidaurreta, Guillermo E. 
830 0 |a Colección CEIDIE - Centro de Estudios Interdisciplinarios de Derecho Industrial y Económico 
650 7 |a PROPIEDAD INTELECTUAL 
650 7 |a CONVENIO DE ESTOCOLMO 
650 7 |a PROPIEDAD INDUSTRIAL 
650 7 |a PATENTES 
650 7 |a CARTA OEA 
859 |a DERECHO  |b BIB. DERECHO  |h 341.76  |i PAS  |p 006716